000 00822nam a2200229Ii 4500
003 JO-AjNU
008 230605s9999||||xx |||||||||||||| ||und||
017 _a2007/15993
020 _a977-04-4624-0
040 _aJO-AjNU
_bara
_erda
_cJO-AjNU
041 _aara
050 1 4 _aK4121.D3.F36.2008
100 3 _a الفقي ، عاطف محمد ,
_eauthor
_951099
245 0 0 _aتطور مسئولية الناقل الجوي وفقا لإتفاقية مونتريال 1999
250 _aط1
264 3 1 _aالاسكندرية : دار الفكر الجامعى ، 2007
300 _a276ص
336 _atext
_btxt
_2rdacontent
337 _aunmediated
_bn
_2rdamedia
338 _avolume
_bnc
_2rdacarrier
650 4 _aنقل جوي -- قوانيين وانظمة -- طيران -- قوانيين وانظمة
_951100
999 _aA22550
_c26118
_d26118